00678 2200241 4500001002100000005001500021035002000036007000300056008003900059020001600098082000800114084001400122100002000136245006200156250001400218260003900232300003600271500001100307650003100318650003700349650003200386990001800418INLIS00000000000338820221116105043 a0010-1122000075ta221116 | | |  a979534352-5 a575 a575 ANN p0 aAnna Claybourne1 aPengantar GEN dan DNA :bPustaka Sains /cAnna Claybourne aCet. 1,-- aBandung. :bPT. Pakar Raya,c2005. a63 hlm. :bilus. ;c20 x 28 cm. aindeks aPengalih abahsa, Rudiyanto aPenyunting perwajahan, B. Waluyo aPewajah ulang, Artha Argisa a6856/P/S/2013